Androdidaktické aspekty a principy vzdělávání lektorů /

Hlavní autor: Mužík, Jaroslav, 1950-
Jazyk: Čeština
Vydáno: [Praha] : Rozlet servis, 2010
Témata:
Fyzický popis: 49 s. : il. ; 21 cm
Knihy
Uloženo v:
LEADER 01566nam a2200445 a 4500
001 nkc20102157189
003 CZ PrNK
005 20170601132242.0
007 ta
008 101217s2010 xr a f 000 0 cze
015 |a cnb002157189 
020 |a 978-80-904824-0-1  |q (brož.) 
035 |a (OCoLC)713792949 
040 |a OLA001  |b cze  |d BOA001 
072 7 |a 374  |x Výchova a vzdělávání dospělých. Mimoškolní výchova a vzdělávání  |2 Konspekt  |9 22 
080 |a 374.7  |2 MRF 
080 |a 37.018  |2 MRF 
080 |a 37.091.321  |2 MRF 
080 |a (072)  |2 MRF 
080 |a (048.8)  |2 MRF 
100 1 |a Mužík, Jaroslav,  |d 1950-  |7 jn99240000748  |4 aut 
245 1 0 |a Androdidaktické aspekty a principy vzdělávání lektorů /  |c Jaroslav Mužík 
260 |a [Praha] :  |b Rozlet servis,  |c 2010 
300 |a 49 s. :  |b il. ;  |c 21 cm 
504 |a Obsahuje bibliografii 
650 0 7 |a vzdělávání dospělých  |7 ph162891  |2 czenas 
650 0 7 |a lektorství (vzdělávání)  |7 ph398359  |2 czenas 
650 0 7 |a pedagogické dovednosti  |7 ph157201  |2 czenas 
650 0 9 |a adult learning  |2 eczenas 
650 0 9 |a lectorship (education)  |2 eczenas 
650 0 9 |a teaching skills  |2 eczenas 
655 7 |a metodické příručky  |7 fd132826  |2 czenas 
655 7 |a monografie  |7 fd132842  |2 czenas 
655 9 |a methodological manuals  |2 eczenas 
655 9 |a monographs  |2 eczenas 
910 2 |a BOA001  |b 2-1259.094 
990 |a BK 
995 |a 01 
991 |b 201102  |c NOV  |e n 
996 6 |b 2610460596  |c 2-1259.094  |l MZK  |r Sklad / do 1 hodiny  |n 18  |p p.v.  |w 001165289  |u 000010  |a 1  |e BOA001  |j MZK50  |s P